Statystyki dla Premier League TOTS - FIFA 21

Kliknij tutaj aby rozwiązać quiz!

Ogólne statystyki

  • Ten quiz został rozwiązany 1 573 razy
  • Średni wynik to 14 z 15

Statystyki odpowiedzi

OverallNarodowośćKlubPiłkarz% Poprawnych
96EgiptLiverpoolSalah
98%
96AngliaTottenhamKane
97%
94Korea PołudniowaTottenhamSon
97%
96BelgiaManchester CityDe Bruyne
95%
94BrazyliaManchester CityEderson
95%
94AngliaLeicesterVardy
93%
96PortugaliaManchester UnitedFernandes
91%
91PortugaliaManchester CityCancelo
90%
94PortugaliaManchester CityDias
90%
92NiemcyManchester CityGundogan
90%
91CzechyWest HamSoucek
89%
93AngliaManchester UnitedRashford
87%
92AngliaChelseaMount
86%
89AngliaManchester UnitedShaw
79%
89FrancjaLeicesterFofana
78%

Rozkład punktacji

Percentyl według liczby udzielonych odpowiedzi

Procent ludzi z każdym wynikiem

Twoja historia wyników

Nie rozwiązałeś tego quizu